Sir nigel

Bibliographic Details
Main Author: Doyle,Sir Arthur Conan
Format: Book
Published: India : Rohan book company , 2003
Subjects:

MARC

LEADER 00000cam a2200000 7i4500
001 0000007790
005 20070906.0
008 070906
020 |a 8178264145 
090 0 0 |a DOY   |b ENG 
100 1 |a Doyle,Sir Arthur Conan 
245 1 0 |a Sir nigel   |c Sir Arthur Conan Doyle 
260 |a India :   |b Rohan book company ,   |c 2003 
650 0 |a English fiction 
999 |a 0000991540   |b Book   |c Adult Collection   |e Perbadanan Perpustakaan Awam Johor 
999 |a 0000991541   |b Book   |c Adult Collection   |e Perbadanan Perpustakaan Awam Johor